[Event "DEM U12w 2023"]
[Site "Willingen GER"]
[Date "2023.06.03"]
[Round "9"]
[White "Dhanasekaran Meenambigai, Diya"]
[Black "Mader, Theresa"]
[Result "1/2-1/2"]
[Termination "normal"]
[Board "11"]
[WhiteElo "1440"]
[BlackElo "1229"]
[WhiteClock "00:38:24"]
[BlackClock "00:43:59"]
[PlyCount "48"]
[WhiteFideId "34611924"]
[BlackFideId "34605657"]
[EventCountry "GER"]
[EventRounds "9"]
[EventType "swiss"]
[EventDate "2023.05.27"]

1. e4 {[%clk 01:30:58]} {[%emt 00:00:01]} c6 {[%clk 01:30:53]} {[%emt
00:00:07]} 2. Nc3 {[%clk 01:31:11]} {[%emt 00:00:16]} d5 {[%clk 01:31:00]}
{[%emt 00:00:24]} 3. Qe2 {[%clk 01:31:12]} {[%emt 00:00:28]} Nf6 {[%clk
01:29:23]} {[%emt 00:02:08]} 4. e5 {[%clk 01:28:37]} {[%emt 00:03:06]} Nfd7
{[%clk 01:28:45]} {[%emt 00:01:07]} 5. d4 {[%clk 01:24:43]} {[%emt 00:04:24]}
e6 {[%clk 01:27:55]} {[%emt 00:01:19]} 6. f4 {[%clk 01:20:31]} {[%emt
00:04:42]} c5 {[%clk 01:26:23]} {[%emt 00:02:03]} 7. Nf3 {[%clk 01:15:21]}
{[%emt 00:05:40]} Nc6 {[%clk 01:23:29]} {[%emt 00:03:25]} 8. Be3 {[%clk
01:12:37]} {[%emt 00:03:12]} Qb6 {[%clk 01:20:30]} {[%emt 00:03:30]} 9. Qb5
{[%clk 01:07:14]} {[%emt 00:05:52]} cxd4 {[%clk 01:16:58]} {[%emt 00:04:03]}
10. Qxb6 {[%clk 01:06:08]} {[%emt 00:01:36]} Nxb6 {[%clk 01:15:31]} {[%emt
00:01:57]} 11. Nxd4 {[%clk 01:05:13]} {[%emt 00:01:25]} Bc5 {[%clk 01:13:04]}
{[%emt 00:02:57]} 12. Ncb5 {[%clk 01:02:37]} {[%emt 00:03:06]} Kd7 {[%clk
01:08:36]} {[%emt 00:04:59]} 13. Bf2 {[%clk 00:58:40]} {[%emt 00:04:27]} a6
{[%clk 01:06:19]} {[%emt 00:02:45]} 14. Nxc6 {[%clk 00:58:22]} {[%emt
00:00:49]} Bxf2+ {[%clk 01:06:10]} {[%emt 00:00:39]} 15. Kxf2 {[%clk 00:58:37]}
{[%emt 00:00:15]} bxc6 {[%clk 01:04:41]} {[%emt 00:02:00]} 16. Nd6 {[%clk
00:58:36]} {[%emt 00:00:29]} a5 {[%clk 01:04:10]} {[%emt 00:01:02]} 17. g3
{[%clk 00:57:58]} {[%emt 00:01:08]} Rf8 {[%clk 01:02:35]} {[%emt 00:02:05]} 18.
Nxc8 {[%clk 00:57:43]} {[%emt 00:00:45]} Nxc8 {[%clk 00:58:32]} {[%emt
00:04:32]} 19. b3 {[%clk 00:56:32]} {[%emt 00:01:41]} Rb8 {[%clk 00:56:30]}
{[%emt 00:02:32]} 20. c4 {[%clk 00:55:19]} {[%emt 00:01:44]} Ne7 {[%clk
00:55:02]} {[%emt 00:01:58]} 21. c5 {[%clk 00:51:25]} {[%emt 00:04:24]} Rb4
{[%clk 00:53:09]} {[%emt 00:02:24]} 22. Be2 {[%clk 00:49:29]} {[%emt 00:02:25]}
Rfb8 {[%clk 00:51:14]} {[%emt 00:02:24]} 23. Rhd1 {[%clk 00:43:13]} {[%emt
00:06:46]} Ke8 {[%clk 00:47:52]} {[%emt 00:03:53]} 24. Rac1 {[%clk 00:38:24]}
{[%emt 00:05:19]} g6 {[%clk 00:43:59]} {[%emt 00:04:23]} 1/2-1/2

[Event "DEM U12w 2023"]
[Site "Willingen GER"]
[Date "2023.06.03"]
[Round "9"]
[White "Baihaghi, Aryana"]
[Black "Ali, Maha"]
[Result "1/2-1/2"]
[Termination "normal"]
[Board "12"]
[WhiteElo "1334"]
[BlackElo "1403"]
[WhiteClock "00:40:16"]
[BlackClock "00:25:26"]
[PlyCount "105"]
[WhiteFideId "34604960"]
[BlackFideId "34626581"]
[EventCountry "GER"]
[EventRounds "9"]
[EventType "swiss"]
[EventDate "2023.05.27"]

1. e4 {[%clk 01:30:57]} {[%emt 00:00:02]} c6 {[%clk 01:30:47]} {[%emt
00:00:14]} 2. d3 {[%clk 01:31:21]} {[%emt 00:00:06]} d5 {[%clk 01:31:07]}
{[%emt 00:00:10]} 3. Nd2 {[%clk 01:31:42]} {[%emt 00:00:08]} dxe4 {[%clk
01:30:42]} {[%emt 00:00:55]} 4. dxe4 {[%clk 01:32:06]} {[%emt 00:00:07]} Nf6
{[%clk 01:27:23]} {[%emt 00:03:49]} 5. g3 {[%clk 01:32:10]} {[%emt 00:00:25]}
Bg4 {[%clk 01:26:36]} {[%emt 00:01:17]} 6. Ngf3 {[%clk 01:32:30]} {[%emt
00:00:10]} Nbd7 {[%clk 01:25:58]} {[%emt 00:01:09]} 7. Bg2 {[%clk 01:32:46]}
{[%emt 00:00:12]} e6 {[%clk 01:25:22]} {[%emt 00:01:07]} 8. O-O {[%clk
01:32:17]} {[%emt 00:00:58]} Bd6 {[%clk 01:24:38]} {[%emt 00:01:15]} 9. Qe1
{[%clk 01:31:40]} {[%emt 00:01:06]} Bc7 {[%clk 01:23:00]} {[%emt 00:02:09]} 10.
e5 {[%clk 01:25:32]} {[%emt 00:06:38]} Nd5 {[%clk 01:21:34]} {[%emt 00:01:57]}
11. c4 {[%clk 01:19:56]} {[%emt 00:06:05]} N5b6 {[%clk 01:18:48]} {[%emt
00:03:17]} 12. b3 {[%clk 01:20:04]} {[%emt 00:00:21]} O-O {[%clk 01:16:30]}
{[%emt 00:02:49]} 13. h3 {[%clk 01:18:06]} {[%emt 00:02:28]} Bxf3 {[%clk
01:13:59]} {[%emt 00:03:01]} 14. Nxf3 {[%clk 01:17:59]} {[%emt 00:00:36]} a5
{[%clk 01:11:51]} {[%emt 00:02:38]} 15. Qe4 {[%clk 01:15:30]} {[%emt 00:02:58]}
Nc5 {[%clk 01:08:04]} {[%emt 00:04:19]} 16. Qe3 {[%clk 01:14:35]} {[%emt
00:01:23]} Ncd7 {[%clk 01:04:15]} {[%emt 00:04:20]} 17. Ba3 {[%clk 01:13:25]}
{[%emt 00:01:41]} Re8 {[%clk 01:02:50]} {[%emt 00:01:55]} 18. Rad1 {[%clk
01:12:44]} {[%emt 00:01:07]} Qb8 {[%clk 01:00:26]} {[%emt 00:02:58]} 19. Bd6
{[%clk 01:07:38]} {[%emt 00:05:35]} a4 {[%clk 00:58:26]} {[%emt 00:02:31]} 20.
Ng5 {[%clk 01:06:26]} {[%emt 00:01:40]} h6 {[%clk 00:55:10]} {[%emt 00:03:48]}
21. Ne4 {[%clk 01:01:10]} {[%emt 00:05:45]} axb3 {[%clk 00:46:21]} {[%emt
00:09:19]} 22. axb3 {[%clk 00:58:30]} {[%emt 00:03:10]} f5 {[%clk 00:41:22]}
{[%emt 00:05:29]} 23. Nc5 {[%clk 00:57:41]} {[%emt 00:01:19]} Nxc5 {[%clk
00:36:59]} {[%emt 00:04:53]} 24. Bxc7 {[%clk 00:57:29]} {[%emt 00:00:43]} Qxc7
{[%clk 00:37:00]} {[%emt 00:00:28]} 25. Qxc5 {[%clk 00:57:51]} {[%emt
00:00:09]} Nd7 {[%clk 00:36:21]} {[%emt 00:01:09]} 26. Qd6 {[%clk 00:57:43]}
{[%emt 00:00:37]} Qxd6 {[%clk 00:35:49]} {[%emt 00:01:02]} 27. Rxd6 {[%clk
00:54:58]} {[%emt 00:03:16]} Nxe5 {[%clk 00:34:17]} {[%emt 00:02:00]} 28. Re1
{[%clk 00:55:07]} {[%emt 00:00:21]} Nf7 {[%clk 00:34:33]} {[%emt 00:00:14]} 29.
Rdxe6 {[%clk 00:55:20]} {[%emt 00:00:17]} Rxe6 {[%clk 00:34:18]} {[%emt
00:00:46]} 30. Rxe6 {[%clk 00:55:35]} {[%emt 00:00:16]} Ra1+ {[%clk 00:33:42]}
{[%emt 00:01:06]} 31. Kh2 {[%clk 00:55:31]} {[%emt 00:00:33]} Rb1 {[%clk
00:33:36]} {[%emt 00:00:37]} 32. g4 {[%clk 00:54:57]} {[%emt 00:01:04]} fxg4
{[%clk 00:33:16]} {[%emt 00:00:50]} 33. Be4 {[%clk 00:55:18]} {[%emt 00:00:08]}
Ng5 {[%clk 00:32:57]} {[%emt 00:00:49]} 34. Bxb1 {[%clk 00:53:07]} {[%emt
00:02:42]} Nxe6 {[%clk 00:33:11]} {[%emt 00:00:15]} 35. hxg4 {[%clk 00:53:32]}
{[%emt 00:00:05]} Kf7 {[%clk 00:32:26]} {[%emt 00:01:15]} 36. Kg3 {[%clk
00:53:50]} {[%emt 00:00:12]} Kf6 {[%clk 00:32:44]} {[%emt 00:00:13]} 37. Kh4
{[%clk 00:53:14]} {[%emt 00:01:04]} Nf4 {[%clk 00:31:50]} {[%emt 00:01:25]} 38.
b4 {[%clk 00:51:55]} {[%emt 00:01:49]} g5+ {[%clk 00:30:56]} {[%emt 00:01:24]}
39. Kg3 {[%clk 00:52:06]} {[%emt 00:00:19]} Ke5 {[%clk 00:30:56]} {[%emt
00:00:31]} 40. Bf5 {[%clk 00:49:14]} {[%emt 00:03:21]} Kd4 {[%clk 00:29:48]}
{[%emt 00:01:38]} 41. Bc8 {[%clk 00:47:38]} {[%emt 00:02:06]} Kxc4 {[%clk
00:29:55]} {[%emt 00:00:23]} 42. Bxb7 {[%clk 00:47:39]} {[%emt 00:00:29]} Kb5
{[%clk 00:29:02]} {[%emt 00:01:23]} 43. Kf3 {[%clk 00:43:20]} {[%emt 00:04:49]}
Nd3 {[%clk 00:28:53]} {[%emt 00:00:39]} 44. Ke3 {[%clk 00:41:18]} {[%emt
00:02:32]} Nxb4 {[%clk 00:28:24]} {[%emt 00:00:59]} 45. Bxc6+ {[%clk 00:41:00]}
{[%emt 00:00:49]} Kxc6 {[%clk 00:26:40]} {[%emt 00:02:14]} 46. Ke4 {[%clk
00:41:09]} {[%emt 00:00:20]} Nd3 {[%clk 00:25:13]} {[%emt 00:01:57]} 47. Kxd3
{[%clk 00:41:27]} {[%emt 00:00:12]} Kd5 {[%clk 00:25:39]} {[%emt 00:00:05]} 48.
Ke3 {[%clk 00:41:44]} {[%emt 00:00:12]} Ke5 {[%clk 00:26:03]} {[%emt 00:00:06]}
49. Kf3 {[%clk 00:42:05]} {[%emt 00:00:08]} Kd4 {[%clk 00:25:54]} {[%emt
00:00:40]} 50. Kg2 {[%clk 00:41:16]} {[%emt 00:01:19]} Ke4 {[%clk 00:25:29]}
{[%emt 00:00:55]} 51. Kg3 {[%clk 00:41:25]} {[%emt 00:00:20]} Ke5 {[%clk
00:25:07]} {[%emt 00:00:53]} 52. Kf3 {[%clk 00:40:17]} {[%emt 00:01:38]} Kd4
{[%clk 00:25:26]} {[%emt 00:00:12]} 53. Kg2 {[%clk 00:40:16]} {[%emt 00:00:30]}
1/2-1/2

[Event "DEM U12w 2023"]
[Site "Willingen GER"]
[Date "2023.06.03"]
[Round "9"]
[White "Komar, Valerie"]
[Black "Tu, Audrey"]
[Result "0-1"]
[Termination "normal"]
[Board "13"]
[WhiteElo "1379"]
[BlackElo "1313"]
[WhiteClock "00:10:26"]
[BlackClock "00:13:08"]
[PlyCount "52"]
[WhiteFideId "34139664"]
[BlackFideId "34628568"]
[EventCountry "GER"]
[EventRounds "9"]
[EventType "swiss"]
[EventDate "2023.05.27"]

1. e4 {[%clk 01:30:57]} {[%emt 00:00:01]} e5 {[%clk 01:30:56]} {[%emt
00:00:05]} 2. Nf3 {[%clk 01:31:24]} {[%emt 00:00:04]} Nc6 {[%clk 01:31:19]}
{[%emt 00:00:06]} 3. Bb5 {[%clk 01:31:48]} {[%emt 00:00:06]} a6 {[%clk
01:31:45]} {[%emt 00:00:04]} 4. Ba4 {[%clk 01:32:15]} {[%emt 00:00:04]} d6
{[%clk 01:32:08]} {[%emt 00:00:06]} 5. c3 {[%clk 01:32:42]} {[%emt 00:00:03]}
Nf6 {[%clk 01:32:19]} {[%emt 00:00:19]} 6. Qe2 {[%clk 01:33:08]} {[%emt
00:00:04]} Be7 {[%clk 01:30:31]} {[%emt 00:02:19]} 7. O-O {[%clk 01:33:30]}
{[%emt 00:00:07]} O-O {[%clk 01:29:43]} {[%emt 00:01:17]} 8. Rd1 {[%clk
01:33:43]} {[%emt 00:00:18]} b5 {[%clk 01:28:41]} {[%emt 00:01:32]} 9. Bb3
{[%clk 01:34:07]} {[%emt 00:00:06]} Bg4 {[%clk 01:18:03]} {[%emt 00:11:08]} 10.
d4 {[%clk 01:34:09]} {[%emt 00:00:28]} exd4 {[%clk 01:10:19]} {[%emt 00:08:13]}
11. cxd4 {[%clk 01:34:33]} {[%emt 00:00:06]} Na5 {[%clk 01:03:27]} {[%emt
00:07:23]} 12. Bc2 {[%clk 01:34:33]} {[%emt 00:00:29]} c6 {[%clk 01:01:08]}
{[%emt 00:02:50]} 13. Bf4 {[%clk 01:32:38]} {[%emt 00:02:24]} Qb6 {[%emt
00:06:06]} 14. Qd3 {[%clk 01:29:18]} {[%emt 00:03:45]} Nc4 {[%clk 00:52:58]}
{[%emt 00:03:11]} 15. Qc3 {[%clk 01:21:05]} {[%emt 00:08:37]} d5 {[%clk
00:50:13]} {[%emt 00:03:21]} 16. e5 {[%clk 01:08:17]} {[%emt 00:13:17]} Ne4
{[%clk 00:47:33]} {[%emt 00:03:11]} 17. Qb3 {[%clk 01:05:49]} {[%emt 00:02:33]}
c5 {[%clk 00:42:48]} {[%emt 00:05:41]} 18. h3 {[%clk 01:02:19]} {[%emt
00:03:58]} Bh5 {[%clk 00:36:54]} {[%emt 00:06:24]} 19. g4 {[%clk 01:00:37]}
{[%emt 00:02:13]} Bg6 {[%clk 00:35:10]} {[%emt 00:02:14]} 20. Nc3 {[%clk
00:43:07]} {[%emt 00:17:46]} Na5 {[%clk 00:30:47]} {[%emt 00:05:05]} 21. Qa3
{[%clk 00:38:30]} {[%emt 00:03:50]} Nxc3 {[%clk 00:22:30]} {[%emt 00:10:05]}
22. Qxc3 {[%clk 00:34:27]} {[%emt 00:04:33]} cxd4 {[%clk 00:20:03]} {[%emt
00:02:57]} 23. Qxd4 {[%clk 00:28:50]} {[%emt 00:06:06]} Bc5 {[%clk 00:18:18]}
{[%emt 00:02:15]} 24. Qd2 {[%clk 00:28:56]} {[%emt 00:00:24]} Nc4 {[%clk
00:17:19]} {[%emt 00:01:30]} 25. Qe2 {[%clk 00:27:48]} {[%emt 00:01:36]} Bxf2+
{[%clk 00:14:34]} {[%emt 00:03:16]} 26. Kg2 {[%clk 00:10:26]} {[%emt 00:17:53]}
Be3 {[%clk 00:13:08]} {[%emt 00:01:52]} 0-1

[Event "DEM U12w 2023"]
[Site "Willingen GER"]
[Date "2023.06.03"]
[Round "9"]
[White "Krannich, Eva"]
[Black "Briese, Sophie"]
[Result "1/2-1/2"]
[Termination "normal"]
[Board "14"]
[WhiteElo "1025"]
[BlackElo "1214"]
[WhiteClock "01:12:51"]
[BlackClock "00:30:33"]
[PlyCount "70"]
[WhiteFideId "34639713"]
[BlackFideId "34660305"]
[EventCountry "GER"]
[EventRounds "9"]
[EventType "swiss"]
[EventDate "2023.05.27"]

1. e4 {[%clk 01:30:57]} {[%emt 00:00:01]} c5 {[%clk 01:30:54]} {[%emt
00:00:09]} 2. Nc3 {[%clk 01:31:20]} {[%emt 00:00:06]} e6 {[%clk 01:31:15]}
{[%emt 00:00:09]} 3. d3 {[%clk 01:31:27]} {[%emt 00:00:22]} Nc6 {[%clk
01:31:15]} {[%emt 00:00:31]} 4. f4 {[%clk 01:31:44]} {[%emt 00:00:12]} Be7
{[%clk 01:30:36]} {[%emt 00:01:09]} 5. Nf3 {[%clk 01:31:40]} {[%emt 00:00:33]}
a6 {[%clk 01:29:33]} {[%emt 00:01:34]} 6. h3 {[%clk 01:31:08]} {[%emt
00:01:01]} Qc7 {[%clk 01:29:31]} {[%emt 00:00:34]} 7. g4 {[%clk 01:30:49]}
{[%emt 00:00:48]} e5 {[%clk 01:28:36]} {[%emt 00:01:27]} 8. f5 {[%clk
01:30:44]} {[%emt 00:00:27]} Qd8 {[%clk 01:25:06]} {[%emt 00:04:05]} 9. Be3
{[%clk 01:29:50]} {[%emt 00:01:26]} Nd4 {[%clk 01:24:13]} {[%emt 00:01:24]} 10.
Bg2 {[%clk 01:28:51]} {[%emt 00:01:28]} h5 {[%clk 01:19:39]} {[%emt 00:05:05]}
11. Nxe5 {[%clk 01:26:22]} {[%emt 00:02:59]} Qc7 {[%clk 01:17:46]} {[%emt
00:01:52]} 12. Nc4 {[%clk 01:25:09]} {[%emt 00:02:13]} Qg3+ {[%clk 01:16:47]}
{[%emt 00:01:28]} 13. Kf1 {[%clk 01:24:11]} {[%emt 00:01:29]} b5 {[%clk
01:15:34]} {[%emt 00:01:44]} 14. Bf2 {[%clk 01:22:26]} {[%emt 00:02:14]} Qf4
{[%clk 01:12:41]} {[%emt 00:03:19]} 15. Ne3 {[%clk 01:22:03]} {[%emt 00:00:57]}
Bh4 {[%clk 01:09:27]} {[%emt 00:03:45]} 16. Qd2 {[%clk 01:21:54]} {[%emt
00:00:38]} Nf6 {[%clk 01:05:46]} {[%emt 00:04:13]} 17. Rd1 {[%clk 01:20:21]}
{[%emt 00:02:03]} Qxf2+ {[%clk 00:44:34]} {[%emt 00:21:41]} 18. Qxf2 {[%clk
01:20:24]} {[%emt 00:00:27]} Bxf2 {[%clk 00:44:56]} {[%emt 00:00:09]} 19. Kxf2
{[%clk 01:20:48]} {[%emt 00:00:06]} Bb7 {[%clk 00:41:57]} {[%emt 00:03:29]} 20.
e5 {[%clk 01:19:35]} {[%emt 00:01:44]} Bxg2 {[%clk 00:41:34]} {[%emt 00:00:52]}
21. Kxg2 {[%clk 01:19:33]} {[%emt 00:00:32]} Nh7 {[%clk 00:39:13]} {[%emt
00:02:51]} 22. Ncd5 {[%clk 01:17:21]} {[%emt 00:02:42]} Ra7 {[%clk 00:38:04]}
{[%emt 00:01:36]} 23. c3 {[%clk 01:17:09]} {[%emt 00:00:44]} Nc6 {[%clk
00:37:51]} {[%emt 00:00:44]} 24. d4 {[%clk 01:17:16]} {[%emt 00:00:23]} cxd4
{[%clk 00:37:14]} {[%emt 00:01:07]} 25. cxd4 {[%clk 01:17:37]} {[%emt
00:00:09]} Ng5 {[%clk 00:37:16]} {[%emt 00:00:27]} 26. Rc1 {[%clk 01:17:17]}
{[%emt 00:00:51]} Ne7 {[%clk 00:34:18]} {[%emt 00:03:28]} 27. Nxe7 {[%clk
01:15:38]} {[%emt 00:02:08]} Kxe7 {[%clk 00:34:41]} {[%emt 00:00:07]} 28. Nd5+
{[%clk 01:15:54]} {[%emt 00:00:13]} Kd8 {[%clk 00:34:40]} {[%emt 00:00:30]} 29.
Nb6 {[%clk 01:15:12]} {[%emt 00:01:14]} Rc7 {[%clk 00:33:01]} {[%emt 00:02:07]}
30. d5 {[%clk 01:14:08]} {[%emt 00:01:36]} hxg4 {[%clk 00:31:23]} {[%emt
00:02:08]} 31. hxg4 {[%clk 01:13:54]} {[%emt 00:00:43]} Rxh1 {[%clk 00:30:42]}
{[%emt 00:01:12]} 32. Rxh1 {[%clk 01:14:07]} Rc2+ {[%clk 00:30:31]} {[%emt
00:00:58]} 33. Kg3 {[%clk 01:13:41]} {[%emt 00:00:56]} Rxb2 {[%clk 00:30:15]}
{[%emt 00:00:45]} 34. Rh8+ {[%clk 01:13:25]} {[%emt 00:00:46]} Kc7 {[%clk
00:30:37]} {[%emt 00:00:09]} 35. Na8+ {[%clk 01:12:51]} {[%emt 00:01:04]} Kb7
{[%clk 00:30:33]} {[%emt 00:00:33]} 1/2-1/2

[Event "DEM U12w 2023"]
[Site "Willingen GER"]
[Date "2023.06.03"]
[Round "9"]
[White "Weyerer, Elea"]
[Black "Borck, Elena"]
[Result "1-0"]
[Termination "normal"]
[Board "15"]
[WhiteElo "1408"]
[BlackElo "970"]
[WhiteClock "00:33:17"]
[BlackClock "01:18:53"]
[PlyCount "107"]
[WhiteFideId "34605770"]
[BlackFideId "16275446"]
[EventCountry "GER"]
[EventRounds "9"]
[EventType "swiss"]
[EventDate "2023.05.27"]

1. d4 {[%clk 01:30:58]} {[%emt 00:00:02]} d5 {[%clk 01:30:51]} {[%emt
00:00:10]} 2. Bf4 {[%clk 01:31:16]} {[%emt 00:00:11]} Nf6 {[%clk 01:31:06]}
{[%emt 00:00:16]} 3. Nf3 {[%clk 01:30:13]} {[%emt 00:01:32]} Bf5 {[%clk
01:31:18]} {[%emt 00:00:19]} 4. c4 {[%clk 01:24:57]} {[%emt 00:05:46]} c5
{[%clk 01:29:56]} {[%emt 00:01:52]} 5. dxc5 {[%clk 01:20:30]} {[%emt 00:04:57]}
dxc4 {[%clk 01:29:44]} {[%emt 00:00:43]} 6. Qxd8+ {[%clk 01:20:33]} {[%emt
00:00:26]} Kxd8 {[%clk 01:30:06]} {[%emt 00:00:08]} 7. Ne5 {[%clk 01:18:38]}
{[%emt 00:02:24]} Ke8 {[%clk 01:28:13]} {[%emt 00:02:24]} 8. Nxc4 {[%clk
01:18:04]} {[%emt 00:01:04]} Nc6 {[%clk 01:27:14]} {[%emt 00:01:29]} 9. Ne3
{[%clk 01:13:30]} {[%emt 00:05:04]} e6 {[%clk 01:26:48]} {[%emt 00:00:57]} 10.
Nxf5 {[%clk 01:08:31]} {[%emt 00:05:28]} exf5 {[%clk 01:26:58]} {[%emt
00:00:21]} 11. Nc3 {[%clk 01:05:17]} {[%emt 00:03:44]} Rd8 {[%clk 01:26:45]}
{[%emt 00:00:43]} 12. e3 {[%clk 01:00:42]} {[%emt 00:05:05]} Bxc5 {[%clk
01:27:03]} {[%emt 00:00:12]} 13. Bc4 {[%clk 00:59:10]} {[%emt 00:02:01]} Ke7
{[%emt 00:05:37]} 14. Ke2 {[%clk 00:55:49]} {[%emt 00:01:02]} Rhe8 {[%clk
01:23:13]} {[%emt 00:02:03]} 15. Rhd1 {[%clk 00:54:57]} {[%emt 00:01:20]} Ne4
{[%clk 01:22:23]} {[%emt 00:01:22]} 16. Nd5+ {[%clk 00:52:03]} {[%emt
00:03:24]} Ke6 {[%clk 01:19:52]} {[%emt 00:03:01]} 17. Nc7+ {[%clk 00:50:42]}
{[%emt 00:01:48]} Ke7 {[%clk 01:19:57]} {[%emt 00:00:28]} 18. Nxe8 {[%clk
00:50:20]} {[%emt 00:00:52]} Rxe8 {[%clk 01:20:05]} {[%emt 00:00:22]} 19. Rd5
{[%clk 00:48:22]} {[%emt 00:02:22]} g6 {[%clk 01:18:13]} {[%emt 00:02:28]} 20.
f3 {[%clk 00:47:40]} {[%emt 00:01:11]} Nd6 {[%clk 01:18:12]} {[%emt 00:00:31]}
21. Rxc5 {[%clk 00:47:06]} {[%emt 00:01:04]} Nxc4 {[%clk 01:18:22]} {[%emt
00:00:20]} 22. Rxc4 {[%clk 00:47:12]} {[%emt 00:00:24]} Rc8 {[%clk 01:18:06]}
{[%emt 00:00:47]} 23. Rac1 {[%clk 00:46:45]} {[%emt 00:00:57]} Kd7 {[%clk
01:14:42]} {[%emt 00:03:53]} 24. b4 {[%clk 00:34:46]} {[%emt 00:12:31]} b5
{[%clk 01:14:24]} {[%emt 00:00:48]} 25. Rc5 {[%clk 00:33:35]} {[%emt 00:01:32]}
a6 {[%clk 01:14:37]} {[%emt 00:00:26]} 26. a3 {[%clk 00:32:08]} {[%emt
00:01:56]} f6 {[%clk 01:14:35]} {[%emt 00:00:31]} 27. Bh6 {[%clk 00:32:10]}
{[%emt 00:00:26]} Kd6 {[%clk 01:14:30]} {[%emt 00:00:38]} 28. Bg7 {[%clk
00:31:55]} {[%emt 00:00:41]} Kd7 {[%clk 01:14:21]} {[%emt 00:00:42]} 29. Bxf6
{[%clk 00:31:55]} {[%emt 00:00:31]} Kd6 {[%clk 01:14:16]} {[%emt 00:00:35]} 30.
Be5+ {[%clk 00:31:22]} {[%emt 00:00:43]} Kd7 {[%clk 01:13:59]} {[%emt
00:01:08]} 31. Rd5+ {[%clk 00:30:56]} {[%emt 00:00:40]} Ke6 {[%clk 01:13:54]}
{[%emt 00:00:49]} 32. Rd6+ {[%clk 00:30:52]} {[%emt 00:00:29]} Kxe5 {[%clk
01:14:15]} {[%emt 00:00:15]} 33. Rdxc6 {[%clk 00:31:13]} {[%emt 00:00:09]} Rd8
{[%clk 01:14:17]} {[%emt 00:00:29]} 34. R1c5+ {[%clk 00:31:06]} {[%emt
00:00:27]} Rd5 {[%clk 01:14:08]} {[%emt 00:00:47]} 35. Rxd5+ {[%clk 00:31:29]}
{[%emt 00:00:07]} Kxd5 {[%clk 01:14:28]} {[%emt 00:00:11]} 36. Rxa6 {[%clk
00:31:51]} {[%emt 00:00:09]} Kc4 {[%clk 01:14:32]} {[%emt 00:00:25]} 37. Rb6
{[%clk 00:31:56]} {[%emt 00:00:24]} g5 {[%clk 01:14:39]} {[%emt 00:00:25]} 38.
Rc6+ {[%clk 00:32:12]} {[%emt 00:00:13]} Kb3 {[%clk 01:14:47]} {[%emt
00:00:23]} 39. Rc5 {[%clk 00:32:19]} {[%emt 00:00:22]} Kxa3 {[%clk 01:14:57]}
{[%emt 00:00:22]} 40. Rxb5 {[%clk 00:32:42]} {[%emt 00:00:06]} g4 {[%clk
01:15:04]} {[%emt 00:00:23]} 41. Rxf5 {[%clk 00:31:50]} {[%emt 00:01:21]} Kxb4
{[%clk 01:15:23]} {[%emt 00:00:12]} 42. e4 {[%clk 00:31:51]} {[%emt 00:00:27]}
gxf3+ {[%clk 01:15:47]} {[%emt 00:00:07]} 43. gxf3 {[%clk 00:32:12]} {[%emt
00:00:09]} Kc4 {[%clk 01:16:09]} {[%emt 00:00:09]} 44. Rd5 {[%clk 00:30:57]}
{[%emt 00:01:41]} h6 {[%clk 01:16:18]} {[%emt 00:00:24]} 45. Rd8 {[%clk
00:30:44]} {[%emt 00:00:42]} h5 {[%clk 01:15:59]} {[%emt 00:00:51]} 46. e5
{[%clk 00:31:10]} {[%emt 00:00:05]} Kc5 {[%clk 01:16:21]} {[%emt 00:00:07]} 47.
e6 {[%clk 00:31:32]} {[%emt 00:00:08]} Kc6 {[%clk 01:16:48]} {[%emt 00:00:03]}
48. e7 {[%clk 00:31:52]} {[%emt 00:00:09]} Kc7 {[%clk 01:17:14]} {[%emt
00:00:05]} 49. e8=Q {[%clk 00:32:12]} {[%emt 00:00:10]} h4 {[%clk 01:17:36]}
{[%emt 00:00:07]} 50. Qe7+ {[%clk 00:32:05]} {[%emt 00:00:24]} Kc6 {[%clk
01:17:55]} {[%emt 00:00:25]} 51. Qd7+ {[%clk 00:32:24]} {[%emt 00:00:10]} Kc5
{[%clk 01:18:18]} {[%emt 00:00:08]} 52. Qc7+ {[%clk 00:32:29]} {[%emt
00:00:18]} Kb4 {[%clk 01:18:35]} {[%emt 00:00:19]} 53. Rb8+ {[%clk 00:32:54]}
{[%emt 00:00:06]} Ka3 {[%clk 01:18:53]} {[%emt 00:00:12]} 54. Qa7# {[%clk
00:33:17]} {[%emt 00:00:07]} 1-0